Vista normal
Vista MARC
Entrada Geographic Name
Número de registros utilizados en: 1
001 - CONTROL NUMBER
- control field: 4160
003 - CONTROL NUMBER IDENTIFIER
- control field: OSt
005 - DATE AND TIME OF LATEST TRANSACTION
- control field: 20200508153827.0
008 - FIXED-LENGTH DATA ELEMENTS
- fixed length control field: 200508|| aca||aabn | a|a d
040 ## - CATALOGING SOURCE
- Original cataloging agency: OSt
- Transcribing agency: OSt
151 ## - HEADING--GEOGRAPHIC NAME
- Geographic name:
670 ## - SOURCE DATA FOUND
- Source citation: Work cat.: (OSt)4286: Moreno García, Jaime, editor 4159, China y Colombia : , 2015